00681nam a2200217 a 450000100060000000300080000600500170001400800410003102000170007203500190008904000270010804100080013508200290014310000190017224500930019126000340028430000250031850400410034365000400038470000390042457546BD-RjUL20211209080526.0161210s1976 ii b 000 0 eng  c: IRs. 45.00 a(BD-RjUL)57670 aDLCcDLCdBD-RjULbeng aeng00a339.420954223bGAL 19761 aGanguli, B. N.10aLevels of living in India :ban inter-state profile /cB. N. Ganguli, Devendra B. Gupta. aNew Delhi :bS. Chand,c1976. avi, 273 p. ;c23 cm. aIncludes bibliographical references. 0aCost and standard of livingzIndia.1 aGupta, Devendra B.,ejoint author.